| 000 | 01293nam a2200241 a 4500 | ||
|---|---|---|---|
| 001 | 000975958 | ||
| 003 | AM-YeHGA | ||
| 005 | 20250617150137.0 | ||
| 008 | 130723s1967 bw r 000 0 rus d | ||
| 040 | _aAM-YeHGA | ||
| 041 | 0 | _arus | |
| 245 | 0 | 0 |
_aЭнергетическое ресурсы БССР и их использование : _bБиблиографический указатель ... / _cАН БССР; Фундамент. б-ка им. Я. Коласа; Сост. Е.В. Свирина; Ред. В.Г. Ваулин. |
| 246 | 1 | _aЭнергетическое хозяйство Белорусской ССР | |
| 260 |
_aМинск : _bБ. и., _c1967-. |
||
| 300 |
_aгод ; _c21 см. |
||
| 505 | 1 | 0 |
_g1922-1965 гг. (1967, 280 с.) _g1966-1970 гг. (1971, 280 С.) _g1973 . Июль-декабрь (1974, 80 с.) |
| 650 | 1 | 4 |
_aОтраслевая и тематическая библиография _xЭнергетика |
| 653 | 0 | _aЭнергетические ресурсы-Топливные ресурсы-Библиография | |
| 700 | 1 |
_aСвирина, Е.В. _eсост. _4com |
|
| 700 | 1 |
_aВаулин, В.Г. _eред. _4edt |
|
| 710 | 2 | _aФундаментальная библиотека им. Я. Коласа АН БССР | |
| 090 | _c327008 | ||
| 999 |
_c325263 _d325263 |
||